MARC

LEADER 00000nam a2200000Ia 4500
001 1394
008 160829s1983 xx 000 0 cat d
080 |a C-1-356 
245 |a La Prevenció de la cardiopatia coronària 
260 |a Barcelona :  |b Secretaria General Tècnica del Departament de Sanitat i Seguretat Social,  |c 1983 
300 |a 81 p. ;  |c 21 cm 
490 |a Quaderns de Salut ; 11 
590 |a A la part superior de la portada: Generalitat de Catalunya. Departament de Sanitat i Seguretat Social. Direcció General de Promoció de la Salut. 
650 |a Cor  |x Malalties  |x Prevenció  |9 19962 
710 1 |a Catalunya.   |b Departament de Sanitat i Seguretat Social  |9 56409 
901 |a Arxiu 
942 |n 1 
952 |0 0  |1 0  |4 0  |6 C1356  |7 1  |9 41388  |a Arxiu  |b Arxiu  |d 2016-12-01  |l 0  |o C-1-356  |p 1394  |r 2016-12-01 00:00:00  |w 2016-12-01  |y ARXIU 
999 |c 43195  |d 43195